| 000 | 00569nam a2200217Ia 4500 | ||
|---|---|---|---|
| 003 | OSt | ||
| 005 | 20230615114020.0 | ||
| 008 | 210423s1971 xx 000 0 und d | ||
| 040 | _cAL | ||
| 041 | _aeng | ||
| 082 |
_a361.3 _223 _bIGNP |
||
| 100 |
_aIGNOU _9116816 |
||
| 245 | _aProfessional social work in independent india | ||
| 260 |
_bIgnou _c1971 |
||
| 300 | _bHB | ||
| 365 |
_b114 _cINR |
||
| 650 |
_aSocial Problems & Services _9116817 |
||
| 650 |
_aSocial Work _9116818 |
||
| 906 | _aindependent ; india ; Professional ; social ; work | ||
| 942 |
_2ddc _cBK |
||
| 999 |
_c175451 _d175451 |
||